000 00314nam a2200109Ia 4500
008 171211s9999 xx 000 0 und d
245 _aRecipes from the Galley, A Cookbook for Pirates
245 _cPirate Edzee Mon
260 _c2017
650 _xCOOKBOOKS
856 _uhttp://down.ebook777.com/064/B01MZFEU83.pdf
999 _c348122
_d348122